Curvature in Hilbert Geometries
Elmentve itt :
| Szerző: | |
|---|---|
| Dokumentumtípus: | Cikk |
| Megjelent: |
2020
|
| Sorozat: | International Journal of Geometry
9 No. 1 |
| mtmt: | 31290416 |
| Online Access: | http://publicatio.bibl.u-szeged.hu/18707 |
| LEADER | 00574nab a2200181 i 4500 | ||
|---|---|---|---|
| 001 | publ18707 | ||
| 005 | 20200518091058.0 | ||
| 008 | 200518s2020 hu o 0|| zxx d | ||
| 022 | |a 2247-9880 | ||
| 024 | 7 | |a 31290416 |2 mtmt | |
| 040 | |a SZTE Publicatio Repozitórium |b hun | ||
| 041 | |a zxx | ||
| 100 | 1 | |a Kurusa Árpád | |
| 245 | 1 | 0 | |a Curvature in Hilbert Geometries |h [elektronikus dokumentum] / |c Kurusa Árpád |
| 260 | |c 2020 | ||
| 300 | |a 85-94 | ||
| 490 | 0 | |a International Journal of Geometry |v 9 No. 1 | |
| 856 | 4 | 0 | |u http://publicatio.bibl.u-szeged.hu/18707/1/10..pdf |z Dokumentum-elérés |